Sudden Death - English Football Team Names 2 - Statistics

General Stats
  • This quiz has been taken 71 times
  • The average score is 9 of 16
Answers on the Grid
Answers color-coded by a green-red scale on the quiz's grid according to % correct below.
Newport County AFC
Cracknell Town
Greggs Employee XI
Kidderminster Harriers
Moorsham Athletic
Leamington FC
Enfield Town
Barnsley
Woodly United
AFC Georgetown
Horsham FC
Coltage United
Redship and hampston
Crewe Alexandre
Braintree Town
North Churchington FC
Turo City
Scampdale Town
Mansfield Town
Plymouth
Dunksley Sports
Luton City Chiefs
Tranmere Rovers
Harrogate Town
Islington on Trent FC
Eastbourne Borough
Old York Red Bulls
AFC Ickelford
Finlingham Rovers
Kings Lynn Town
Worksop
Gildenham United
 
Answer Stats
Answer % Correct
Barnsley
89%
Plymouth
78%
Mansfield Town
76%
Newport County AFC
74%
Tranmere Rovers
72%
Harrogate Town
63%
Kidderminster Harriers
63%
Crewe Alexandre
59%
Braintree Town
48%
Enfield Town
43%
Horsham FC
43%
Kings Lynn Town
39%
Worksop
37%
Leamington FC
30%
Turo City
30%
Eastbourne Borough
26%
No matching quizzes found
Score Distribution
Percent of People with Each Score
Percentile by Number Answered
Your Score History
You have not taken this quiz